000 00617nam a2200241Ia 4500
003 OSt
005 20221005114822.0
006 a|||||r|||| 00| 0
007 ta
008 221004b |||||||| |||| 00| 0 kan d
024 _a60312
037 _cTextual
040 _aCRL
_cCRL
_bkan
041 _2kan
_akan
082 _aO33,3N04,32, L9
100 _aKaranth Shivarama Au.
_9626604
245 0 _aBettade jeeva
260 _c1979
650 _a KANNAD LITERATURE
650 _aKANNAD FICTION
942 _hO33,3N04,32, L9
_cTEXL
_2cc
999 _c1032526
_d1032526